000 00568nam a2200217Ia 4500
003 OSt
005 20220928143934.0
006 a|||||r|||| 00| 0
007 ta
008 220927b |||||||| |||| 00| 0 eng d
024 _a23383
037 _cTextual
040 _aSDCL
_cSDCL
_beng
041 _2eng
_aeng
082 _aO155,2N25,1, 152L7
100 _aKumar Kusum Tr.
_9506256
245 0 _aSandhya chhaya
_b Jayawant dalavi
260 _c1977
942 _hO155,2N25,1, 152L7
_cTEXL
_2CC
999 _c825329
_d825329